Información y comunicación: los medios y su aplicación didáctica
Guardat en:
| Autors principals: | , |
|---|---|
| Format: | Llibre |
| Idioma: | espanyol |
| Publicat: |
Barcelona
Gustavo Gili
1988
|
| Col·lecció: | Colección Medios de Comunicación en la Enseñanza
|
| Matèries: | |
| Etiquetes: |
Afegir etiqueta
Sense etiquetes, Sigues el primer a etiquetar aquest registre!
|
MARC
| LEADER | 00000nam a2200000 a 4500 | ||
|---|---|---|---|
| 001 | UCW4183 | ||
| 003 | CL-VaPUC | ||
| 008 | 891019e19880000SP |||||||||||||||||spa|d | ||
| 082 | 0 | 4 | |a 371.33 |b ROD |2 21 |
| 100 | 0 | |a Roda Salinas, Fernando Jesús |e author |9 308772 | |
| 700 | 0 | |a Beltran de Tena, Rosario |e author |9 308773 | |
| 245 | 1 | 0 | |a Información y comunicación: los medios y su aplicación didáctica |
| 300 | |a 142 p | ||
| 942 | |c BK | ||
| 945 | |d 19891019 00:00:00 | ||
| 260 | |a Barcelona |b Gustavo Gili |c 1988 | ||
| 650 | 0 | |a Medios de comunicación de masas |9 257273 | |
| 650 | 0 | |a Comunicación en educación |9 308055 | |
| 650 | 7 | |a SERVICIOS DE COMUNICACION EN EDUCACION |2 CL-VaPUC |9 308774 | |
| 583 | |a last modification |c 19891019 00:00:00 |k Rodrigo Vera | ||
| 490 | 0 | |a Colección Medios de Comunicación en la Enseñanza | |
| 999 | |c 217970 |d 217968 | ||
| 952 | |0 0 |1 0 |4 0 |6 371_330000000000000_ROD_1988 |7 0 |8 P |9 206685 |a BIBEDU |b BIBEDU |c BIBEDU_PB |d 2019-11-15 |i 2745151 |o 371.33 ROD 1988 |p 2745151 |r 2024-01-25 |w 2019-11-15 |y BK |k EDU | ||